00752nam a2200241 a 4500001001300000003000900013005001700022008004100039020002300080082002200103100002400125245005100149260002800200300000900228500003500237505002400272650002000296700002400316902000800340942000700348952013800355999001700493nice12345678IN_TiNIC20260116014212.0111116s2007 dela grp 000 0 eng  a9788178296708c85000a303.6250954bSIN1 aSingh, Ujjwal Kumar aState, Democracy and Anti-Terror Laws in India aDelhi bSage Pub c2007 a345p aincludes index and biblioraphy2 aBibliography, Index aTerrorism-India1 aSingh, Ujjwal Kumar bSRS cBK 001040708StackRoom-aHMIbHMId2011-11-16g850.00l2m1o303.6250954 SIN1p023716r2017-10-06s2017-09-14v850.00w2011-11-16yBK c14305d14305